Music Quiz

Random Music or Album Quiz
Score 0/30 Timer 10:00
0 Plays Today
Year of Release Album % Correct
1981Chariots of Fire
95.7%
2012Chariots of Fire - The Play
95.7%
1975Heaven and Hell
89.4%
1994Blade Runner
87.2%
2007Blade Runner Trilogy: 25th Anniversary
87.2%
1977Spiral
85.1%
1976Albedo 0.39
83%
1979China
80.9%
1983Antarctica
78.7%
1988Direct
76.6%
1990The City
76.6%
19921492: Conquest of Paradise
76.6%
1995Voices
76.6%
1973Earth
74.5%
1984Soil Festivities
74.5%
Year of Release Album % Correct
1985Mask
74.5%
1996Oceanic
74.5%
1979Opéra Sauvage
72.3%
1970Sex Power
70.2%
1980See You Later
70.2%
1978Beaubourg
68.1%
1998El Greco
68.1%
2004Alexander
68.1%
2007El Greco: Original Motion Picture Soundtrack
68.1%
1985Invisible Connections
66%
1976La Fête Sauvage
63.8%
1975Ignacio
57.4%
1973L'Apocalypse des Animaux
55.3%
2001Mythodea - Music for the NASA Mission: 2001 Mars Odyssey
55.3%
1972Fais que ton rêve soit plus long que la nuit (Poême Symphonique)
42.6%
Remove Ads.
Support Sporcle.
Get the best of Sporcle when you Go Orange. This ad-free experience offers more features, more stats, and more fun while also helping to support Sporcle. Thank you for becoming a member.

You're not logged in!

Compare scores with friends on all Sporcle quizzes.
OR
Log In

Show Comments

Extras

Top Quizzes Today


Score Distribution

Your Account Isn't Verified!

In order to create a playlist on Sporcle, you need to verify the email address you used during registration. Go to your Sporcle Settings to finish the process.

Report this User

Report this user for behavior that violates our Community Guidelines.

Details: